Представление документа в формате RUSMARC

ПолеНазваниеЗначение
  Тип записи a
  Библиографический уровень a
001 Контрольный номер RU/УОНБ/EK_KRAY/320901786
005 Дата корректировки 20250324122454.8
100 Данные общей обработки __
a Данные общей обработки 20041023d2004 u u0rusy0103 ba
101 Язык документа 0_
a Язык текста rus
200 Заглавие и сведения об ответственности 1_
a Заглавие Кузовной цех N1: нет предела совершенству
f Первые сведения об ответственности И. Рыжкин
210 Выходные данные 1_
d Дата издания 2004
330 Аннотация __
a Аннотация Внедрение производственной системы (ПС) ОАО "УАЗ".
461 Уровень набора _0
1 2001
a Панорама УАЗ
463 Уровень физической единицы _0
1 2000
a 9 окт.
v С. 1-2
1 210
d 2004
1 215
c фот.
610 Ключевые слова 0_
a Ключевые слова производственная система
686 Индексы других классификаций __
a Классификационный индекс 65.630.109.225
2 Код системы rubbk
700 Автор _1
a Фамилия Рыжкин
b Имя (инициалы) И.
801 Источник записи _0
a Страна RU
b Организация Ульяновская ОНБ
c Дата составления 20041023
g Правила каталогизации PSBO
801 Источник записи _1
a Страна RU
b Организация Ульяновская ОНБ
c Дата составления 20041023
901 Тип документа __
t Тип документа b
938 Служебная информация __
a Имя БД kraeved_work
b Имя библиотеки УОНБ
c Имя АИБС МАРК-SQL
d Номер DOC_ID в БД 45693